Veková diskriminácia na pracovnom trhu

Zvýšenie veku do dôchodku. Pojem ageizmus. Veková diskriminácia pri nábore.

Uložené v:
Podrobná bibliografia
Hlavný autor: Rolková, Monika
Médium: Kapitola
Jazyk:Slovak
Predmet:
Tagy: Pridať tag
Žiadne tagy, Buďte prvý, kto otaguje tento záznam!

MARC

LEADER 00000naa a2200000 4500
001 0213968
005 20231120130940.9
041 0 |a slo 
044 |a SK 
245 1 0 |a Veková diskriminácia na pracovnom trhu  |c Monika Rolková 
520 |a Zvýšenie veku do dôchodku. Pojem ageizmus. Veková diskriminácia pri nábore. 
610 2 0 |a diskriminácia 
610 2 0 |a seniori 
610 2 0 |a vek 
610 2 0 |a trh práce 
100 1 |a Rolková, Monika